| Tag |
First Indicator |
Second Indicator |
Subfields |
| LEADER |
00000cam a2200000 a 4500 |
| 001 |
in00005708521 |
| 005 |
20260318190922.5 |
| 006 |
m o d |
| 007 |
cr cnu---unuuu |
| 008 |
120723s2010 enka ob 001 0 eng d |
| 010 |
|
|
|z 2010287520
|
| 040 |
|
|
|a N$T
|b eng
|e pn
|c N$T
|d VLB
|d OTZ
|d E7B
|d OCLCQ
|d YDXCP
|d OCLCQ
|d OCLCF
|d OCLCO
|d NLGGC
|d EBLCP
|d OCLCQ
|d OCLCO
|d OCLCQ
|d AZK
|d STBDS
|d COCUF
|d MOR
|d OCLCO
|d PIFAG
|d ZCU
|d OCLCO
|d MERUC
|d OCLCO
|d OCLCQ
|d OCLCO
|d OCLCA
|d U3W
|d OCLCA
|d STF
|d WRM
|d ICG
|d NRAMU
|d VT2
|d OCLCQ
|d YOU
|d DKC
|d OCLCO
|d OCLCQ
|d AU@
|d OCLCQ
|d OCLCA
|d UKCRE
|d VLY
|d UKAHL
|d OCLCQ
|d SFB
|d OCLCO
|d INARC
|d OCLCO
|d OCLCQ
|d OCLCO
|d OCLCL
|d OCLCO
|d OCLCQ
|d OCLCA
|d OCLCL
|d UKKRT
|
| 019 |
|
|
|a 794514111
|a 961604624
|a 962600452
|a 988477164
|a 991920156
|a 1037937885
|a 1038695133
|a 1045531613
|a 1081230700
|a 1097165122
|a 1153455154
|a 1162073079
|a 1228544480
|a 1290108868
|a 1302243746
|a 1371761886
|a 1398135632
|a 1434173315
|a 1446881209
|a 1470899152
|a 1510380455
|a 1522766264
|
| 020 |
|
|
|a 9780191575754
|q (electronic bk.)
|
| 020 |
|
|
|a 0191575755
|q (electronic bk.)
|
| 020 |
|
|
|a 9780191730139
|q (ebook)
|
| 020 |
|
|
|a 0191730130
|q (ebook)
|
| 020 |
|
|
|a 9786613894007
|
| 020 |
|
|
|a 6613894001
|
| 020 |
|
|
|a 1283581558
|
| 020 |
|
|
|a 9781283581554
|
| 020 |
|
|
|z 9780199560035
|
| 020 |
|
|
|z 019956003X
|
| 035 |
|
|
|a (OCoLC)801404286
|z (OCoLC)794514111
|z (OCoLC)961604624
|z (OCoLC)962600452
|z (OCoLC)988477164
|z (OCoLC)991920156
|z (OCoLC)1037937885
|z (OCoLC)1038695133
|z (OCoLC)1045531613
|z (OCoLC)1081230700
|z (OCoLC)1097165122
|z (OCoLC)1153455154
|z (OCoLC)1162073079
|z (OCoLC)1228544480
|z (OCoLC)1290108868
|z (OCoLC)1302243746
|z (OCoLC)1371761886
|z (OCoLC)1398135632
|z (OCoLC)1434173315
|z (OCoLC)1446881209
|z (OCoLC)1470899152
|z (OCoLC)1510380455
|z (OCoLC)1522766264
|
| 050 |
|
4 |
|a RC903
|b .S87 2010eb
|
| 060 |
|
4 |
|a 2010 D-960
|
| 060 |
|
4 |
|a WJ 342
|b S9592 2010
|
| 072 |
|
7 |
|a HEA
|x 039070
|2 bisacsh
|
| 082 |
0 |
4 |
|a 362.19661
|2 22
|
| 084 |
|
|
|a YK 8053
|2 rvk
|
| 049 |
|
|
|a TXAM
|
| 245 |
0 |
0 |
|a Supportive care for the renal patient /
|c edited by E. Joanna Chambers, Edwina Brown, Michael J. Germain.
|
| 250 |
|
|
|a 2nd ed.
|
| 260 |
|
|
|a Oxford :
|b Oxford University Press,
|c 2010.
|
| 300 |
|
|
|a 1 online resource (xviii, 312 pages) :
|b illustrations
|
| 336 |
|
|
|a text
|b txt
|2 rdacontent
|
| 337 |
|
|
|a computer
|b c
|2 rdamedia
|
| 338 |
|
|
|a online resource
|b cr
|2 rdacarrier
|
| 490 |
1 |
|
|a Supportive care series
|
| 504 |
|
|
|a Includes bibliographical references and index.
|
| 505 |
0 |
|
|a Changing patterns of renal replacement therapy -- Concept of supportive care for the renal patient -- Planning a renal palliative care programme and its components -- Advance care planning in patients with end-stage renal disease -- What determines a good outcome? The selection of patients for renal replacement therapy -- Health-related quality of life and the patient with chronic kidney disease -- Symptoms in renal disease: their epidemiology, assessment, and management -- Management of pain in renal failure -- Psychological and psychiatric considerations in patients with advanced renal disease -- Spiritual care of the renal patient -- Support of the home-dialysis patient -- Initiation, withdrawal, and withholding of dialysis -- Clinical -- Communicating with patients and family -- Conservative management of end-stage renal disease -- End-stage renal disease in the older person -- Death and end-of-life care in advanced kidney disease.
|
| 588 |
0 |
|
|a Print version record.
|
| 520 |
8 |
|
|a An international group of contributors provides a comprehensive evidence-based overview of supportive care for the nephrology patient, emphasising the continuum of palliative care from the time of diagnosis through to end-of-life care and the issues surrounding withdrawal of dialysis.
|
| 546 |
|
|
|a English.
|
| 650 |
|
0 |
|a Kidneys
|x Diseases
|x Treatment.
|
| 650 |
|
2 |
|a Kidney Failure, Chronic
|x therapy
|
| 650 |
|
2 |
|a Kidney Failure, Chronic
|x psychology
|
| 650 |
|
2 |
|a Palliative Care
|x methods
|
| 650 |
|
2 |
|a Terminal Care
|x methods
|
| 650 |
|
6 |
|a Reins
|x Maladies
|x Traitement.
|
| 650 |
|
7 |
|a HEALTH & FITNESS
|x Diseases
|x Genitourinary & STDs.
|2 bisacsh
|
| 650 |
|
7 |
|a Kidneys
|x Diseases
|x Treatment
|2 fast
|
| 650 |
|
7 |
|a Nierenkrankheit
|2 gnd
|
| 650 |
|
7 |
|a Therapie
|2 gnd
|
| 655 |
|
7 |
|a Electronic books.
|2 local
|
| 700 |
1 |
|
|a Chambers, E. Joanna.
|1 https://id.oclc.org/worldcat/entity/E39PCjDC6WgyJqwtW7fT9hRcpq
|
| 700 |
1 |
|
|a Germain, Michael
|q (Michael J.)
|1 https://id.oclc.org/worldcat/entity/E39PCjwJkWwrcvxTwYh6WjXFjC
|
| 700 |
1 |
|
|a Brown, Edwina A.
|1 https://id.oclc.org/worldcat/entity/E39PBJhmFQYJg9xBMRhbmf3bBP
|
| 758 |
|
|
|i has work:
|a Supportive care for the renal patient (Text)
|1 https://id.oclc.org/worldcat/entity/E39PCGhjHGhH636QMc97KpbdpP
|4 https://id.oclc.org/worldcat/ontology/hasWork
|
| 776 |
0 |
8 |
|i Print version:
|t Supportive care for the renal patient.
|b 2nd ed.
|d Oxford : Oxford University Press, 2010
|z 9780199560035
|w (DLC) 2010287520
|w (OCoLC)444383655
|
| 830 |
|
0 |
|a Supportive care series.
|
| 856 |
4 |
0 |
|u http://proxy.library.tamu.edu/login?url=https://academic.oup.com/book/37033
|z Connect to the full text of this electronic book
|t 0
|
| 955 |
|
|
|a Oxford Scholarship Online
|
| 994 |
|
|
|a 92
|b TXA
|
| 999 |
f |
f |
|i 752cb827-6d8e-4d60-97ab-30ae6be095bc
|s b277de67-8583-4c2b-a63a-85e0996c328c
|t 0
|
| 952 |
f |
f |
|a Texas A&M University
|b College Station
|c Electronic Resources
|s www_evans
|d Available Online
|t 0
|e RC903 .S87 2010eb
|h Library of Congress classification
|
| 998 |
f |
f |
|a RC903 .S87 2010eb
|t 0
|l Available Online
|